Catálogo

Vista normal Vista MARC

Entrada Personal Name

Número de registros utilizados en: 1

001 - CONTROL NUMBER

  • control field: 10895

003 - CONTROL NUMBER IDENTIFIER

  • control field: DLC

005 - DATE AND TIME OF LATEST TRANSACTION

  • control field: 20200901143825.0

008 - FIXED-LENGTH DATA ELEMENTS

  • fixed length control field: 930422n| acannaab| |n aaa |||

010 ## - LIBRARY OF CONGRESS CONTROL NUMBER

  • LC control number: n 93037451

040 ## - CATALOGING SOURCE

  • Original cataloging agency: DLC
  • Transcribing agency: Mx-PuUPA
  • Language of cataloging: spa
  • Modifying agency: Mx-PuUPA
  • Description conventions: rda

100 10 - HEADING--PERSONAL NAME

  • Personal name: McDermott, Robin E.,

372 ## - FIELD OF ACTIVITY

  • Field of activity: Control de calidad

374 ## - OCCUPATION

  • Occupation: Autor

375 ## - GENDER

  • Gender: hombre

377 ## - ASSOCIATED LANGUAGE

  • Language code: eng

670 ## - SOURCE DATA FOUND

  • Source citation: Her Employee-driven quality, 1993:
  • Information found: CIP t.p. (Robin E. McDermott)

670 ## - SOURCE DATA FOUND

  • Source citation: Biblioteca del congreso (Estados Unidos), 01 septiembre 2020:
  • Information found: Catálogo electrónico
  • Uniform Resource Identifier: https://bit.ly/3jBmSD6